| 000 | 00000nam##2200000za#4500 |
| 001 | 9.690009 |
| 003 | CaOODSP |
| 005 | 20240703102705 |
| 007 | cr ||||||||||| |
| 008 | 150407|2005||||xxc|||||o f|0| 0 eng|d |
| 040 | |aCaOODSP|beng |
| 043 | |an-cn--- |
| 086 | 1 |aA104-13/2005E-PDF |
| 110 | 2 |aCanadian Food Inspection Agency. |
| 245 | 10|aPets and petting zoos : |h[electronic resource]|btips for preventing infections |
| 260 | |aOttawa - Ontario : |bCanadian Food Inspection Agency |c2005. |
| 300 | |a2p.|billus. |
| 500 | |aCatalogue number (A104-13/2005E) and ISBN (0-662-41102-1) of the print edition have been incorrectly copied in the PDF edition. |
| 590 | |a11-02-Supp|b2011-01-27 |
| 690 | 07|aDomestic animals|2gcpds |
| 775 | 08|tAnimaux de compagnie et zoos pour enfants : |w(CaOODSP)9.634383 |
| 776 | 0#|tPets and petting zoos : |w(CaOODSP)9.649798 |
| 856 | 40|ahttp://publications.gc.ca|qPDF|s173 KB|uhttps://publications.gc.ca/collections/collection_2007/cfia-acia/A104-13-2005E.pdf |